000 00664cam a2200241 i 4500
001 35328
003 BD-RjUL
005 20211209052312.0
008 140522s1954 enk 000 1 eng d
035 _a(BD-RjUL)35422
040 _aDLC
_cDLC
_dBD-RjUL
_beng
041 _aeng
082 0 0 _a305.4
_bLAA 1954
100 1 _aLangstaff, Josephine
_9107057
245 1 0 _aAdam's rib /
_cLangstaff, Josephine
260 _aLondon :
_bGeorge Allen & Unwin Ltd.,
_c1954.
300 _a221 p. ;
_c20 cm.
650 _aWoman
_9107621
655 7 _aRomantic suspense novels.
_2gsafd
_951993
942 _2ddc
_cBK
999 _c35328
_d35328